ბათუმის შოთა რუსთაველის სახელმწიფო უნივერსიტეტის ბიბლიოთეკა

Edebiyat Yazilari 1 : (ბიბ.ჩანაწერი № 61385)

000 -LEADER
fixed length control field 00524nam a22001697a 4500
005 - DATE AND TIME OF LATEST TRANSACTION
control field 20240304172153.0
008 - FIXED-LENGTH DATA ELEMENTS--GENERAL INFORMATION
fixed length control field 240304s2007 tu ||||| |||| 00| 0 tur d
041 ## - LANGUAGE CODE
Language code of text/sound track or separate title tur
080 ## - UNIVERSAL DECIMAL CLASSIFICATION NUMBER
Universal Decimal Classification number 821.512.161 K-21
100 ## - MAIN ENTRY--PERSONAL NAME
Personal name Karakoç,Sezai
9 (RLIN) 21310
245 ## - TITLE STATEMENT
Title Edebiyat Yazilari 1 :
Remainder of title Medeniyetin Ruyasi Ruyanin Medeniyti Siir.
264 ## - PRODUCTION, PUBLICATION, DISTRIBUTION, MANUFACTURE, AND COPYRIGHT NOTICE
Place of production, publication, distribution, manufacture Istanbul,
Date of production, publication, distribution, manufacture, or copyright notice 2007.
300 ## - PHYSICAL DESCRIPTION
Extent 128 p.;
Other physical details 20 cm.
653 ## - INDEX TERM--UNCONTROLLED
keyword ლიტერატურა
653 ## - INDEX TERM--UNCONTROLLED
keyword ლიტერატურული მწერლობა
942 ## - ADDED ENTRY ELEMENTS (KOHA)
Source of classification or shelving scheme
Koha item type წიგნი
ეგზემპლარები
Withdrawn status Lost status Source of classification or shelving scheme Damaged status Not for loan Permanent Location Current Location Shelving location Date acquired Cost, normal purchase price Full call number Barcode Date last seen Copy number Uniform Resource Identifier Price effective from Koha item type Public note
          ბათუმის შოთა რუსთაველის სახელმწიფო უნივერსიტეტის მთავარი ბიბლიოთეკა ბათუმის შოთა რუსთაველის სახელმწიფო უნივერსიტეტის მთავარი ბიბლიოთეკა წიგნსაცავი 2024-03-04 5.00 821.512.161 K-21 67610 2024-03-04 67610 ნაჩუქარი 2024-03-04 წიგნი 5 ლ.